| Tag |
First Indicator |
Second Indicator |
Subfields |
| LEADER |
00000pam a2200000 a 4500 |
| 001 |
in00000097729 |
| 005 |
20150924085436.0 |
| 008 |
730405s1973 nyua j 00011 engm |
| 010 |
|
|
|a 73005945
|
| 020 |
|
|
|a 0875992005 :
|c $5.95
|
| 035 |
|
|
|a (OCoLC)00618381
|
| 035 |
|
|
|9 AAK9355AM
|
| 040 |
|
|
|a DLC
|c DLC
|d m.c.
|d TXA
|d UtOrBLW
|
| 049 |
|
|
|a [Curr Col] TXAM
|c [933685]
|
| 050 |
0 |
0 |
|a PZ8.1 S98
|b We3
|
| 082 |
0 |
|
|a 398.2/2
|
| 100 |
1 |
|
|a Synge, Ursula,
|d 1930-
|
| 245 |
1 |
0 |
|a Weland :
|b smith of the gods /
|c Ursula Synge ; illustrations by Charles Keeping.
|
| 264 |
|
1 |
|a New York :
|b S.G. Phillips,
|c [1973]
|
| 264 |
|
4 |
|c ©1973
|
| 300 |
|
|
|a 116 pages :
|b illustrations ;
|c 22 cm.
|
| 336 |
|
|
|a text
|b txt
|2 rdacontent
|
| 337 |
|
|
|a unmediated
|b n
|2 rdamedia
|
| 338 |
|
|
|a volume
|b nc
|2 rdacarrier
|
| 520 |
|
|
|a Retells the Norse myth of Weland, whose imprisonment by a greedy king coveting his skill forced him to take a terrible revenge.
|
| 630 |
0 |
0 |
|a Wayland the Smith
|x Juvenile literature.
|
| 630 |
0 |
0 |
|a Wayland the Smith.
|
| 650 |
|
1 |
|a Mythology, Norse.
|
| 700 |
1 |
|
|a Keeping, Charles.
|
| 999 |
|
|
|a MARS
|
| 999 |
f |
f |
|s ef18416f-2f07-334a-8478-31c4a60a2fa4
|i 300cc3ee-46c9-3acf-a27f-8bec451bbf63
|t 0
|
| 952 |
f |
f |
|p ric
|a Texas A&M University
|b Rellis Campus
|c Joint Library Facility
|d Remote Storage
|t 0
|e PZ8.1 S98 We3
|h Library of Congress classification
|i unmediated -- volume
|m A14806021289
|
| 998 |
f |
f |
|a PZ8.1 S98 We3
|t 0
|l Remote Storage
|